|
|
|
|
| LEADER |
01260nam a2200289 a 4500 |
| 001 |
c000414155 |
| 003 |
CARM |
| 005 |
00000000000000.0 |
| 008 |
891218s1978 is 100 0 eng d |
| 019 |
1 |
|
|a 6766470
|
| 040 |
|
|
|a VVUT
|b eng
|c VVUT
|d XNTU
|
| 043 |
|
|
|a a-is---
|
| 082 |
0 |
4 |
|a 303.4825694
|
| 245 |
0 |
0 |
|a Immigrant absorption in Israel :
|b current research /
|c editors, Elazar Leshem, Judith Rosenbaum.
|
| 260 |
|
|
|a Jerusalem :
|b [s.n.],
|c 1978.
|
| 300 |
|
|
|a xiv, 232 p. ;
|c 23 cm.
|
| 500 |
|
|
|a "Initiated by the Ministry of Immigrant Absorption, and the Department of Immigration and Absorption of the Jewish Agency" -- Introd.
|
| 500 |
|
|
|a "Special edition presented to delegates to the 29th Zionist Congress, Jerusalem, February 1978"
|
| 650 |
|
0 |
|a Assimilation (Sociology)
|x Congresses.
|
| 650 |
|
0 |
|a Zionism
|x Congresses.
|
| 651 |
|
0 |
|a Israel
|x Emigration and immigration
|x Congresses.
|
| 700 |
1 |
|
|a Rosenbaum, Judith.
|
| 700 |
1 |
|
|a Leshem, Elazar.
|
| 711 |
2 |
|
|a Zionist Congress
|n (29th :,
|d 1978 :
|c Jerusalem)
|
| 852 |
8 |
|
|b CARM
|h A3:AF14F0
|i B12005
|p 0570771
|f BK
|
| 999 |
f |
f |
|i 99def0a8-f315-5d43-bc8a-e269409ab5a6
|s 849098d7-3ace-58d8-8d30-89975708a23f
|
| 952 |
f |
f |
|p Can circulate
|a CAVAL
|b CAVAL
|c CAVAL
|d CARM 1 Store
|e B12005
|f A3:AF14F0
|h Other scheme
|i book
|m 0570771
|